{"text_format":"3","workbook":"xlsx","n_sheets":1,"sheets":["t515"],"read":"whole","date_system":"1900"}

{"sheet":"t515","index":0,"n_rows":180,"n_cols":7,"rows_kept":180,"merged":[[0,0,0,6],[28,0,28,5],[41,0,41,5],[147,0,147,5]]}
["TABELA 515.1 - Estatísticas Agrícolas, Município de Santa Fé do Sul, Estado de São Paulo, 2016/17."]
["ITEM","UNIDADE","N.DE UPAs","MÍNIMO","MÉDIO","MÁXIMO","TOTAL"]
["Distância à sede do município","km",584,0.1,{"v":5.45,"d":"5.5"},{"v":65,"d":"65.0"},"-"]
["Área total","hectare",584,0.2,{"v":27.41,"d":"27.4"},{"v":1998.1,"d":"1,998.1"},{"v":16008.8,"d":"16,008.8"}]
["Área com cultura perene","hectare",118,0.1,{"v":9.06,"d":"9.1"},275.6,{"v":1069,"d":"1,069.0"}]
["Área com cultura temporária","hectare",107,0.1,{"v":2.64,"d":"2.6"},{"v":90,"d":"90.0"},282.7]
["Área com pastagem","hectare",539,0.1,{"v":24.52,"d":"24.5"},{"v":1958.1,"d":"1,958.1"},{"v":13215.8,"d":"13,215.8"}]
["Área com reflorestamento","hectare",31,0.1,{"v":3.11,"d":"3.1"},17.2,96.4]
["Área com vegetação natural","hectare",115,0.1,{"v":5.83,"d":"5.8"},290.6,670.2]
["Área com vegetação de brejo e várzea","hectare",402,0.1,{"v":1.03,"d":"1.0"},{"v":45,"d":"45.0"},412.3]
["Área em descanso","hectare",35,0.1,{"v":2.94,"d":"2.9"},16.9,102.9]
["Área complementar","hectare",557,0.1,{"v":0.29,"d":"0.3"},11.4,159.5]
["Área das UPAs com (0, 1] ha","hectare",9,0.2,{"v":0.68,"d":"0.7"},0.9,6.1]
["Área das UPAs com (1, 2] ha","hectare",16,1.2,{"v":1.54,"d":"1.5"},{"v":2,"d":"2.0"},24.7]
["Área das UPAs com (2, 5] ha","hectare",119,2.1,3.6,{"v":5,"d":"5.0"},428.4]
["Área das UPAs com (5, 10] ha","hectare",127,5.4,{"v":7.59,"d":"7.6"},{"v":10,"d":"10.0"},963.6]
["Área das UPAs com (10, 20] ha","hectare",158,10.3,{"v":13.81,"d":"13.8"},19.9,{"v":2181.9,"d":"2,181.9"}]
["Área das UPAs com (20, 50] ha","hectare",121,20.6,{"v":30.65,"d":"30.7"},49.8,{"v":3708.8,"d":"3,708.8"}]
["Área das UPAs com (50, 100] ha","hectare",16,53.2,{"v":72.54,"d":"72.5"},96.8,{"v":1160.6,"d":"1,160.6"}]
["Área das UPAs com (100, 200] ha","hectare",10,101.6,{"v":120.62,"d":"120.6"},152.7,{"v":1206.2,"d":"1,206.2"}]
["Área das UPAs com (200, 500] ha","hectare",2,200.4,{"v":231.45,"d":"231.5"},262.5,462.9]
["Área das UPAs com (500, 1.000] ha","hectare",4,526.8,649.2,924.8,{"v":2596.8,"d":"2,596.8"}]
["Área das UPAs com (1.000, 2.000] ha","hectare",2,{"v":1270.7,"d":"1,270.7"},{"v":1634.4,"d":"1,634.4"},{"v":1998.1,"d":"1,998.1"},{"v":3268.8,"d":"3,268.8"}]
["Área das UPAs com (2.000, 5.000] ha","hectare","-","-","-","-","-"]
["Área das UPAs com (5.000, 10.000] ha","hectare","-","-","-","-","-"]
["Área das UPAs acima de 10.000 ha","hectare","-","-","-","-","-"]
["Fonte: Secretaria de Agricultura e Abastecimento, CDRS/IEA, Projeto LUPA."]
[]
["TABELA 515.2 - Explorações Animais, Município de Santa Fé do Sul, Estado de São Paulo, 2016/17."]
["ITEM","UNIDADE","N.DE UPAs","MÍNIMO","MÉDIO","MÁXIMO","TOTAL"]
["Asininos e muares","cabecas",1,{"v":1,"d":"1.0"},{"v":1,"d":"1.0"},{"v":1,"d":"1.0"},{"v":1,"d":"1.0"}]
["Avicultura para ovos","cabecas",1,{"v":45,"d":"45.0"},{"v":45,"d":"45.0"},{"v":45,"d":"45.0"},{"v":45,"d":"45.0"}]
["Bovinocultura de corte","cabecas",193,{"v":2,"d":"2.0"},{"v":60.68,"d":"60.7"},{"v":1250,"d":"1,250.0"},{"v":11711,"d":"11,711.0"}]
["Bovinocultura leiteira","cabecas",62,{"v":1,"d":"1.0"},{"v":31.34,"d":"31.3"},{"v":190,"d":"190.0"},{"v":1943,"d":"1,943.0"}]
["Bovinocultura mista","cabecas",156,{"v":1,"d":"1.0"},{"v":84.85,"d":"84.9"},{"v":5500,"d":"5,500.0"},{"v":13236,"d":"13,236.0"}]
["Equinocultura","cabecas",205,{"v":1,"d":"1.0"},{"v":3.54,"d":"3.5"},{"v":150,"d":"150.0"},{"v":725,"d":"725.0"}]
["Ovinocultura","cabecas",9,{"v":6,"d":"6.0"},{"v":21,"d":"21.0"},{"v":50,"d":"50.0"},{"v":189,"d":"189.0"}]
["Piscicultura","m2 tanques",1,{"v":240,"d":"240.0"},{"v":240,"d":"240.0"},{"v":240,"d":"240.0"},{"v":240,"d":"240.0"}]
["Suinocultura","cabecas",16,{"v":7,"d":"7.0"},{"v":35.75,"d":"35.8"},{"v":100,"d":"100.0"},{"v":572,"d":"572.0"}]
["Fonte: Secretaria de Agricultura e Abastecimento, CDRS/IEA, Projeto LUPA."]
[]
["TABELA 515.3 -  Máquinas, Implementos e Benfeitorias, Município de Santa Fé do Sul, Estado de São Paulo, 2016/17."]
["ITEM","UNIDADE","N.DE UPAs","MÍNIMO","MÉDIO","MÁXIMO","TOTAL"]
["Arado comum (bacia, aiveca)","unidade",76,{"v":1,"d":"1.0"},{"v":1.12,"d":"1.1"},{"v":5,"d":"5.0"},{"v":85,"d":"85.0"}]
["Arado escarificador","unidade",5,{"v":1,"d":"1.0"},1.2,{"v":2,"d":"2.0"},{"v":6,"d":"6.0"}]
["Arado subsolador","unidade",2,{"v":1,"d":"1.0"},{"v":1,"d":"1.0"},{"v":1,"d":"1.0"},{"v":2,"d":"2.0"}]
["Carreta de trator","unidade",34,{"v":1,"d":"1.0"},{"v":1.53,"d":"1.5"},{"v":5,"d":"5.0"},{"v":52,"d":"52.0"}]
["Colhedeira acoplada","unidade",3,{"v":1,"d":"1.0"},{"v":1.67,"d":"1.7"},{"v":3,"d":"3.0"},{"v":5,"d":"5.0"}]
["Colhedeira automotriz","unidade",2,{"v":1,"d":"1.0"},1.5,{"v":2,"d":"2.0"},{"v":3,"d":"3.0"}]
["Computador","unidade",2,{"v":1,"d":"1.0"},5.5,{"v":10,"d":"10.0"},{"v":11,"d":"11.0"}]
["Conj.irrigacao convencional","unidade",11,{"v":1,"d":"1.0"},{"v":1,"d":"1.0"},{"v":1,"d":"1.0"},{"v":11,"d":"11.0"}]
["Conj.irrigacao pivot central","unidade",1,{"v":3,"d":"3.0"},{"v":3,"d":"3.0"},{"v":3,"d":"3.0"},{"v":3,"d":"3.0"}]
["Conj.irrigacao/gotejamento/microaspersao","unidade",6,{"v":1,"d":"1.0"},{"v":1,"d":"1.0"},{"v":1,"d":"1.0"},{"v":6,"d":"6.0"}]
["Desintegrador de palha (plantio direto)","unidade",1,{"v":1,"d":"1.0"},{"v":1,"d":"1.0"},{"v":1,"d":"1.0"},{"v":1,"d":"1.0"}]
["Desintegrador, picador, triturador","unidade",173,{"v":1,"d":"1.0"},{"v":1.05,"d":"1.1"},{"v":3,"d":"3.0"},{"v":182,"d":"182.0"}]
["Distribuidor de calcario","unidade",15,{"v":1,"d":"1.0"},1.2,{"v":2,"d":"2.0"},{"v":18,"d":"18.0"}]
["Embarcação","unidade",1,{"v":15,"d":"15.0"},{"v":15,"d":"15.0"},{"v":15,"d":"15.0"},{"v":15,"d":"15.0"}]
["Ensiladeira","unidade",9,{"v":1,"d":"1.0"},{"v":1.22,"d":"1.2"},{"v":2,"d":"2.0"},{"v":11,"d":"11.0"}]
["Grade aradora (tipo romi)","unidade",17,{"v":1,"d":"1.0"},{"v":1.06,"d":"1.1"},{"v":2,"d":"2.0"},{"v":18,"d":"18.0"}]
["Grade niveladora","unidade",81,{"v":1,"d":"1.0"},1.2,{"v":5,"d":"5.0"},{"v":97,"d":"97.0"}]
["Implementos para tracao animal","unidade",3,{"v":1,"d":"1.0"},{"v":3.33,"d":"3.3"},{"v":5,"d":"5.0"},{"v":10,"d":"10.0"}]
["Misturador de racao","unidade",2,{"v":1,"d":"1.0"},{"v":1,"d":"1.0"},{"v":1,"d":"1.0"},{"v":2,"d":"2.0"}]
["Mmicrotrator","unidade",3,{"v":1,"d":"1.0"},{"v":1,"d":"1.0"},{"v":1,"d":"1.0"},{"v":3,"d":"3.0"}]
["Ordenhadeira mecanica","unidade",5,{"v":1,"d":"1.0"},{"v":1,"d":"1.0"},{"v":1,"d":"1.0"},{"v":5,"d":"5.0"}]
["Pulverizador tratorizado","unidade",32,{"v":1,"d":"1.0"},{"v":1.84,"d":"1.8"},{"v":6,"d":"6.0"},{"v":59,"d":"59.0"}]
["Resfriador de leite, tanque expansao","unidade",6,{"v":1,"d":"1.0"},{"v":1.17,"d":"1.2"},{"v":2,"d":"2.0"},{"v":7,"d":"7.0"}]
["Roçadora","unidade",20,{"v":1,"d":"1.0"},{"v":1.15,"d":"1.2"},{"v":3,"d":"3.0"},{"v":23,"d":"23.0"}]
["Semeadeira/adubadeira para plantio convencional","unidade",7,{"v":1,"d":"1.0"},{"v":1.29,"d":"1.3"},{"v":2,"d":"2.0"},{"v":9,"d":"9.0"}]
["Tanque rede","m3",3,{"v":2700,"d":"2,700.0"},{"v":12983.33,"d":"12,983.3"},{"v":29750,"d":"29,750.0"},{"v":38950,"d":"38,950.0"}]
["Trator de pneus  acima de 85 cv","unidade",7,{"v":1,"d":"1.0"},{"v":1.43,"d":"1.4"},{"v":4,"d":"4.0"},{"v":10,"d":"10.0"}]
["Trator de pneus até 65 cv","unidade",46,{"v":1,"d":"1.0"},1.2,{"v":3,"d":"3.0"},{"v":55,"d":"55.0"}]
["Trator de pneus de 66 cv a 85 cv","unidade",67,{"v":1,"d":"1.0"},{"v":1.16,"d":"1.2"},{"v":4,"d":"4.0"},{"v":78,"d":"78.0"}]
["Acude/represa","unidade",105,{"v":1,"d":"1.0"},{"v":1.56,"d":"1.6"},{"v":18,"d":"18.0"},{"v":164,"d":"164.0"}]
["Almoxarifado/oficina","unidade",2,{"v":1,"d":"1.0"},1.5,{"v":2,"d":"2.0"},{"v":3,"d":"3.0"}]
["Armazem para graos ensacados","sacas",2]
["Balanca para bovinos","unidade",1,{"v":1,"d":"1.0"},{"v":1,"d":"1.0"},{"v":1,"d":"1.0"},{"v":1,"d":"1.0"}]
["Balanca para veiculos","unidade",2,{"v":1,"d":"1.0"},{"v":1,"d":"1.0"},{"v":1,"d":"1.0"},{"v":2,"d":"2.0"}]
["Barracao para granja/avicultura","unidade",4,{"v":1,"d":"1.0"},{"v":1.75,"d":"1.8"},{"v":4,"d":"4.0"},{"v":7,"d":"7.0"}]
["Barracao/galpao/garagem","unidade",120,{"v":1,"d":"1.0"},{"v":1.11,"d":"1.1"},{"v":3,"d":"3.0"},{"v":133,"d":"133.0"}]
["Casa de moradia habitada","unidade",288,{"v":1,"d":"1.0"},{"v":1.37,"d":"1.4"},{"v":24,"d":"24.0"},{"v":394,"d":"394.0"}]
["Casa de moradia total","unidade",469,{"v":1,"d":"1.0"},{"v":1.45,"d":"1.5"},{"v":25,"d":"25.0"},{"v":681,"d":"681.0"}]
["Curral/mangueira","unidade",397,{"v":1,"d":"1.0"},{"v":1.03,"d":"1.0"},{"v":3,"d":"3.0"},{"v":410,"d":"410.0"}]
["Deposito/tulha","unidade",311,{"v":1,"d":"1.0"},{"v":1.09,"d":"1.1"},{"v":3,"d":"3.0"},{"v":338,"d":"338.0"}]
["Estabulo","unidade",12,{"v":1,"d":"1.0"},{"v":1,"d":"1.0"},{"v":1,"d":"1.0"},{"v":12,"d":"12.0"}]
["Estacao/posto meteorologico","unidade",1,{"v":1,"d":"1.0"},{"v":1,"d":"1.0"},{"v":1,"d":"1.0"},{"v":1,"d":"1.0"}]
["Estufa/plasticultura","m2",5]
["Instalacoes para equinos","unidade",5,{"v":1,"d":"1.0"},1.4,{"v":3,"d":"3.0"},{"v":7,"d":"7.0"}]
["Maquina de beneficio","unidade",1,{"v":1,"d":"1.0"},{"v":1,"d":"1.0"},{"v":1,"d":"1.0"},{"v":1,"d":"1.0"}]
["Packing house","unidade",1,{"v":2,"d":"2.0"},{"v":2,"d":"2.0"},{"v":2,"d":"2.0"},{"v":2,"d":"2.0"}]
["Pocilga","unidade",18,{"v":1,"d":"1.0"},{"v":1.17,"d":"1.2"},{"v":3,"d":"3.0"},{"v":21,"d":"21.0"}]
["Poco semi-artesiano","unidade",218,{"v":1,"d":"1.0"},1.1,{"v":4,"d":"4.0"},{"v":239,"d":"239.0"}]
["Silo para silagem","ton",10]
["Terreiro","m2",125]
["Fonte: Secretaria de Agricultura e Abastecimento, CDRS/IEA, Projeto LUPA."]
[]
["TABELA 515.4 - Outras Estatísticas Agrícolas, Município de Santa Fé do Sul, Estado de São Paulo, 2016/17."]
["ITEM","Número de UPAs",null,"Percentual"]
["Faz Parte de Associação de Produtores",69,null,{"v":11.815068493150683,"d":"11.8"}]
["Faz Parte de Cooperativa de Produtores",62,null,{"v":10.616438356164382,"d":"10.6"}]
["Faz Parte do Sindicato de Produtores",86,null,{"v":14.726027397260275,"d":"14.7"}]
["Não utiliza assistência técnica ",241,null,{"v":41.26712328767123,"d":"41.3"}]
["Utiliza somente assistência técnica governamental ",306,null,{"v":52.397260273972606,"d":"52.4"}]
["Utiliza somente assistência técnica privada ",7,null,{"v":1.1986301369863013,"d":"1.2"}]
["Utiliza assistência técnica tanto governamental quanto privada",30,null,{"v":5.136986301369863,"d":"5.1"}]
["Utiliza Crédito Rural",166,null,{"v":28.424657534246577,"d":"28.4"}]
["Utiliza Seguro Rural",10,null,{"v":1.7123287671232876,"d":"1.7"}]
["Utiliza Escrituração Agrícola",7,null,{"v":1.1986301369863013,"d":"1.2"}]
["Acessa Internet p/ Fins na Agropecuária",15,null,{"v":2.568493150684932,"d":"2.6"}]
["Utiliza Computador nas Atividades Agropecuárias",8,null,{"v":1.3698630136986303,"d":"1.4"}]
["Utiliza Energia Elétrica Para Uso na Atividade Agrícola",496,null,{"v":84.93150684931507,"d":"84.9"}]
["Utiliza Energia Alternativa",1,null,{"v":0.17123287671232879,"d":"0.2"}]
["Realiza Análise de Solo, quando necessário",207,null,{"v":35.445205479452056,"d":"35.4"}]
["Realiza Calagem",20,null,{"v":3.4246575342465753,"d":"3.4"}]
["Utiliza Práticas de Conservação de Solo, quando necessário",413,null,{"v":70.71917808219177,"d":"70.7"}]
["Faz Adubação Mineral, quando necessário",222,null,{"v":38.013698630136986,"d":"38.0"}]
["Faz Adubação Orgânica, quando necessário",99,null,{"v":16.95205479452055,"d":"17.0"}]
["Faz Adubação Verde, quando necessário",4,null,{"v":0.6849315068493151,"d":"0.7"}]
["Utiliza Manejo Integrado de Pragas (MIP)","-",null,"-"]
["Utiliza Hidroponia",1,null,{"v":0.17123287671232879,"d":"0.2"}]
["Utiliza Cultivo em Estufa",7,null,{"v":1.1986301369863013,"d":"1.2"}]
["Utiliza Mudas Fiscalizadas",43,null,{"v":7.363013698630137,"d":"7.4"}]
["Utiliza Semente Melhorada",20,null,{"v":3.4246575342465753,"d":"3.4"}]
["Faz Confinamento de Bovinos",5,null,{"v":0.8561643835616438,"d":"0.9"}]
["Utiliza Pastejo Intensivo",6,null,{"v":1.0273972602739725,"d":"1.0"}]
["Faz Inseminação Artificial",1,null,{"v":0.17123287671232879,"d":"0.2"}]
["Faz Mineralização do Rebanho",350,null,{"v":59.93150684931507,"d":"59.9"}]
["Faz Vermifugação do Rebanho",353,null,{"v":60.445205479452056,"d":"60.4"}]
["Possui Parceiros /Arrendatários na Exploração Animal",47,null,{"v":8.047945205479452,"d":"8.0"}]
["Existência de trabalhadores c/ deficiência na UPA","-",null,"-"]
["Esporte e lazer",4,null,{"v":0.6849315068493151,"d":"0.7"}]
["Extração mineral","-",null,"-"]
["Hotel Fazenda, Pousada ou SPA",2,null,{"v":0.34246575342465757,"d":"0.3"}]
["Pesque-pague","-",null,"-"]
["Restaurante ou Lanchonete",1,null,{"v":0.17123287671232879,"d":"0.2"}]
["Transformação artesanal","-",null,"-"]
["Turismo rural ou ecoturismo","-",null,"-"]
["Outras atividades econômicas rurais",3,null,{"v":0.5136986301369862,"d":"0.5"}]
["Agroindústria","-",null,"-"]
["Proprietário sem instrução ou com instrução incompleta",85,null,{"v":14.554794520547945,"d":"14.6"}]
["Proprietário com antigo primário completo",192,null,{"v":32.87671232876712,"d":"32.9"}]
["Proprietário com 1° grau (ou antigo ginasial) completo",106,null,{"v":18.15068493150685,"d":"18.2"}]
["Proprietário com 2° grau (ou antigo colegial) completo",85,null,{"v":14.554794520547945,"d":"14.6"}]
["Proprietário com curso superior completo ",109,null,{"v":18.664383561643834,"d":"18.7"}]
["Pessoa Jurídica",7,null,{"v":1.1986301369863013,"d":"1.2"}]
["Proprietário residente na própria UPA ",223,null,{"v":38.18493150684932,"d":"38.2"}]
["Fonte: Secretaria de Agricultura e Abastecimento, CDRS/IEA, Projeto LUPA."]
[]
["TABELA 515.5 - Área Cultivada, Município de Santa Fé do Sul, Estado de São Paulo, 2016/17."]
["CULTURA","N.DE UPAs","MÍNIMO","MÉDIO","MÁXIMO","TOTAL"]
["Braquiaria",525,0.1,{"v":20.53,"d":"20.5"},{"v":1260.7,"d":"1,260.7"},{"v":10778,"d":"10,778.0"}]
["Coloniao",16,1.5,{"v":150.33,"d":"150.3"},{"v":1958.1,"d":"1,958.1"},{"v":2405.2,"d":"2,405.2"}]
["Seringueira",50,1.5,{"v":9.54,"d":"9.5"},{"v":52,"d":"52.0"},476.9]
["Laranja Mercado",32,0.2,{"v":13.56,"d":"13.6"},275.6,433.8]
["Cana-de-acucar finalidade industria",3,21.3,{"v":47.83,"d":"47.8"},{"v":90,"d":"90.0"},143.5]
["Eucalipto",30,0.1,{"v":3.21,"d":"3.2"},17.2,96.2]
["Banana",12,0.1,{"v":7.78,"d":"7.8"},{"v":35,"d":"35.0"},93.4]
["Cana-de-acucar outras finalidades",87,0.1,{"v":1.07,"d":"1.1"},9.7,92.7]
["Milho safra",9,0.5,{"v":4.23,"d":"4.2"},9.7,38.1]
["Gramas",9,1.1,{"v":2.94,"d":"2.9"},6.9,26.5]
["Manga",17,0.2,{"v":1.32,"d":"1.3"},4.4,22.4]
["Cafe",11,0.1,{"v":1.51,"d":"1.5"},5.5,16.6]
["Coco-da-baia",5,1.2,{"v":2.52,"d":"2.5"},4.8,12.6]
["Capim-napier (ou capim-elefante)",7,0.6,{"v":0.87,"d":"0.9"},1.5,6.1]
["Limao",3,0.2,{"v":1.57,"d":"1.6"},{"v":4,"d":"4.0"},4.7]
["Alface",9,0.1,{"v":0.39,"d":"0.4"},1.2,3.5]
["Uva rustica",4,0.2,0.7,{"v":1,"d":"1.0"},2.8]
["Pupunha",2,1.2,1.2,1.2,2.4]
["Tangerina",6,0.2,{"v":0.35,"d":"0.4"},0.5,2.1]
["Couve (ou couve-crespa)",4,0.1,0.4,1.1,1.6]
["Mandioca",3,0.2,{"v":0.43,"d":"0.4"},0.6,1.3]
["Abacate",1,{"v":1,"d":"1.0"},{"v":1,"d":"1.0"},{"v":1,"d":"1.0"},{"v":1,"d":"1.0"}]
["Abobora (ou jerimum)",1,{"v":1,"d":"1.0"},{"v":1,"d":"1.0"},{"v":1,"d":"1.0"},{"v":1,"d":"1.0"}]
["Outras olericolas",1,0.6,0.6,0.6,0.6]
["Chicoria (ou chicoria-de-folha-crespa)",1,0.3,0.3,0.3,0.3]
["Viveiro de florestais",1,0.2,0.2,0.2,0.2]
["Viveiro de flores e ornamentais",1,0.2,0.2,0.2,0.2]
["Viveiro de frutiferas em geral",1,0.1,0.1,0.1,0.1]
["Pomar domestico",1,0.1,0.1,0.1,0.1]
["Figo (ou figo-da-europa)",1,0.1,0.1,0.1,0.1]
["Fonte: Secretaria de Agricultura e Abastecimento, CDRS/IEA, Projeto LUPA."]